000 00358nam a2200145Ia 4500
008 150201s2005 xx 000 0 und d
082 _a614.1
_bT05S
100 _aSINGHAL , S.K.
245 _aSINGHAL TOXICOLOGY : AT A GLANCE
250 _a6TH
260 _bNATIONAL BOOK
_aMUMBAI
_c2005
300 _a1-143
650 _aFORENSIC MEDICINE
942 _2ddc
_cBK
999 _c1454
_d1454